[Event "Florianopolis op 11th"]
[Site "Florianopolis"]
[Date "2025.01.26"]
[Round "10"]
[White "Lopes, Eduardo Moraes"]
[Black "Campagnolo, Fabiola"]
[Result "1-0"]
[WhiteElo "1892"]
[BlackElo "1760"]
[PlyCount "65"]
[EventDate "2025.01.18"]
[EventType "swiss"]
[EventRounds "10"]
[EventCountry "BRA"]
[SourceTitle "CB05_2025"]
[SourceDate "2025.01.29"]
[SourceVersion "1"]
[SourceVersionDate "2025.01.29"]
[SourceQuality "1"]

1. e4 d5 2. exd5 Nf6 3. Bb5+ Bd7 4. Bc4 Bg4 5. f3 Bf5 6. Nc3 Nbd7 7. d4 Nb6 8. Bb3 Nbxd5 9. Nxd5 Nxd5 10. a3 e6 11. c4 Nb6 12. Be3 Qf6 13. Ne2 0-0-0 14. Qc1 h6 15. 0-0 Bd3 16. Rf2 g5 17. Qc3 Qg6 18. Rd1 Bxe2 19. Rxe2 g4 20. Bc2 Qh5 21. fxg4 Qxg4 22. Rf2 Rg8 23. Rdd2 Qg7 24. a4 a5 25. c5 Nd5 26. Qb3 Nxe3 27. Qxe3 Be7 28. Be4 Bf6 29. Qf3 Bxd4 30. Bxb7+ Kb8 31. Ba6 Bxf2+ 32. Rxf2 Rd5 33. Qb3+ 1-0

[Event "Florianopolis op 11th"]
[Site "Florianopolis"]
[Date "2025.01.24"]
[Round "8"]
[White "Lopes, Eduardo Moraes"]
[Black "Botelho, Davi Arthur Volpi"]
[Result "1-0"]
[WhiteElo "1892"]
[BlackElo "1592"]
[PlyCount "75"]
[EventDate "2025.01.18"]
[EventType "swiss"]
[EventRounds "10"]
[EventCountry "BRA"]
[SourceTitle "CB05_2025"]
[SourceDate "2025.01.29"]
[SourceVersion "1"]
[SourceVersionDate "2025.01.29"]
[SourceQuality "1"]

1. e4 c6 2. d4 Qc7 3. Nf3 d6 4. Bc4 h6 5. Bf4 Nd7 6. e5 d5 7. Bd3 e6 8. 0-0 Ne7 9. Re1 c5 10. c3 Nb8 11. Na3 a6 12. dxc5 Qxc5 13. c4 g5 14. Bg3 Bg7 15. cxd5 exd5 16. Rc1 Qb6 17. b3 0-0 18. Nc2 Nbc6 19. Ne3 Be6 20. Bb1 Rfd8 21. h3 Rac8 22. Ng4 Bxg4 23. hxg4 Ng6 24. e6 Nce7 25. Rxc8 Rxc8 26. Bxg6 fxg6 27. Be5 Rf8 28. Qa1 Bxe5 29. Qxe5 Rf4 30. Qb8+ Rf8 31. Qe5 Qa5 32. Rc1 Nc6 33. Rxc6 bxc6 34. e7 Re8 35. Qe6+ Kg7 36. Ne5 Qe1+ 37. Kh2 Qe4 38. Qf7+ 1-0

[Event "Florianopolis op 11th"]
[Site "Florianopolis"]
[Date "2025.01.23"]
[Round "7"]
[White "Bauza, Alejandro"]
[Black "Lopes, Eduardo Moraes"]
[Result "1-0"]
[WhiteElo "2116"]
[BlackElo "1892"]
[PlyCount "103"]
[EventDate "2025.01.18"]
[EventType "swiss"]
[EventRounds "10"]
[EventCountry "BRA"]
[SourceTitle "CB05_2025"]
[SourceDate "2025.01.29"]
[SourceVersion "1"]
[SourceVersionDate "2025.01.29"]
[SourceQuality "1"]

1. Nf3 d5 2. g3 Nf6 3. Bg2 e6 4. 0-0 Be7 5. d4 0-0 6. c4 dxc4 7. Qc2 a6 8. Qxc4 b5 9. Qc2 Bb7 10. Bg5 Nbd7 11. Nbd2 c5 12. Bxf6 Bxf6 13. dxc5 Rc8 14. Nb3 Qc7 15. Rac1 Be7 16. c6 Qxc6 17. Qxc6 Bxc6 18. Nfd4 Bxg2 19. Kxg2 Nb6 20. Nc6 Bf6 21. Nba5 Nc4 22. b3 Nxa5 23. Nxa5 Bc3 24. Nb7 Bb4 25. Rfd1 Rxc1 26. Rxc1 g6 27. Rc6 Rb8 28. Nd6 a5 29. Ne4 Rb7 30. g4 h6 31. h4 Kf8 32. g5 hxg5 33. hxg5 Ke7 34. Rc8 a4 35. Ra8 axb3 36. axb3 Bd6 37. Ra6 Bb4 38. Kf3 Be1 39. e3 b4 40. Rc6 Bc3 41. Nxc3 bxc3 42. Rxc3 Kd6 43. Ke4 e5 44. Kd3 Rb4 45. f3 Ke6 46. e4 Rd4+ 47. Kc2 Rd6 48. b4 f6 49. gxf6 Kxf6 50. Kb3 Ke7 51. Ka4 Kd7 52. Ka5 1-0

[Event "Florianopolis op 11th"]
[Site "Florianopolis"]
[Date "2025.01.19"]
[Round "2"]
[White "Lopes, Eduardo Moraes"]
[Black "Lemos, Dawton Almino"]
[Result "0-1"]
[WhiteElo "1892"]
[BlackElo "2172"]
[PlyCount "100"]
[EventDate "2025.01.18"]
[EventType "swiss"]
[EventRounds "10"]
[EventCountry "BRA"]
[SourceTitle "CB05_2025"]
[SourceDate "2025.01.29"]
[SourceVersion "1"]
[SourceVersionDate "2025.01.29"]
[SourceQuality "1"]

1. e4 c5 2. Nf3 d6 3. d4 cxd4 4. Nxd4 Nf6 5. Nc3 a6 6. g3 e5 7. Nde2 Be7 8. Bg2 0-0 9. 0-0 Nbd7 10. Nd5 Nxd5 11. Qxd5 Nb6 12. Qd1 Be6 13. Nc3 Rc8 14. a4 Qc7 15. Qf3 Rfd8 16. Rd1 Qd7 17. Qe2 Qc6 18. a5 Nd7 19. Be3 Nf6 20. Bg5 h6 21. Bxf6 Bxf6 22. h4 Qc5 23. Rd2 g6 24. Kh2 Qb4 25. Nd1 Bg4 26. f3 Be6 27. c3 Qc5 28. Ne3 Bg7 29. Nd5 Kh7 30. Nb6 Rb8 31. Nd5 h5 32. Ra4 Bh6 33. Rd1 Rbc8 34. Ne7 Bb3 35. Nxc8 Bxa4 36. Nb6 Bxd1 37. Qxd1 Qxa5 38. Nd5 Qc5 39. Qb3 Qb5 40. Qa2 Kg7 41. Kg1 Qe2 42. Qb3 b5 43. Qa3 Be3+ 44. Kh2 Bf2 45. Qa5 Rd7 46. Qxa6 Qe1 47. Qc6 Bxg3+ 48. Kh3 Bf4 49. Nxf4 exf4 50. Kh2 Ra7 0-1

[Event "Florianopolis op 11th"]
[Site "Florianopolis"]
[Date "2025.01.18"]
[Round "1"]
[White "Ribeiro Junior, Rafael Rodrigues"]
[Black "Lopes, Eduardo Moraes"]
[Result "0-1"]
[WhiteElo "1800"]
[BlackElo "1892"]
[PlyCount "82"]
[EventDate "2025.01.18"]
[EventType "swiss"]
[EventRounds "10"]
[EventCountry "BRA"]
[SourceTitle "CB05_2025"]
[SourceDate "2025.01.29"]
[SourceVersion "1"]
[SourceVersionDate "2025.01.29"]
[SourceQuality "1"]

1. e4 c5 2. Nf3 Nc6 3. Bc4 e6 4. 0-0 Nf6 5. Re1 Nxe4 6. Rxe4 d5 7. Bxd5 Qxd5 8. Nc3 Qd7 9. d3 Bd6 10. Rg4 f5 11. Rh4 Ne5 12. Ng5 h6 13. d4 Nf7 14. Nxf7 Kxf7 15. Qd3 Be7 16. Rh3 Qxd4 17. Qxd4 cxd4 18. Ne2 Bf6 19. Rd3 e5 20. b3 b6 21. Bb2 Ba6 22. Rd2 g5 23. g3 Rad8 24. Rad1 Rd7 25. c4 g4 26. Nc1 b5 27. c5 b4 28. a3 Rb8 29. axb4 Bg5 30. Rc2 Bxc1 31. Rdxc1 Rxb4 32. c6 Rd8 33. c7 Rc8 34. Rc6 Bb7 35. Rxh6 Rxb3 36. Ba1 Rb6 37. Rh7+ Ke6 38. Kf1 Rc6 39. Rh6+ Kd5 40. Rcxc6 Bxc6 41. Rf6 Bd7 0-1

[Event "Niteroi op 4th"]
[Site "Niteroi"]
[Date "2024.09.01"]
[Round "7"]
[White "Pontes, Luiz Felizola Lima"]
[Black "Lopes, Eduardo Moraes"]
[Result "1-0"]
[WhiteElo "1777"]
[BlackElo "1933"]
[PlyCount "71"]
[EventDate "2024.08.28"]
[EventType "swiss"]
[EventRounds "7"]
[EventCountry "BRA"]
[SourceTitle "CBM 221 Extra"]
[Source "ChessBase"]
[SourceDate "2024.09.30"]
[SourceVersion "1"]
[SourceVersionDate "2024.09.30"]
[SourceQuality "1"]

1. e4 c5 2. Nf3 Nc6 3. d4 cxd4 4. Nxd4 Nf6 5. Nc3 e5 6. Ndb5 d6 7. Bg5 a6 8. Na3 b5 9. Nd5 Be7 10. Bxf6 Bxf6 11. c3 0-0 12. Nc2 Rb8 13. Be2 Bg5 14. Nce3 Bxe3 15. Nxe3 Ne7 16. 0-0 Bb7 17. Bf3 Qb6 18. Qb3 Kh8 19. c4 f5 20. cxb5 fxe4 21. Be2 d5 22. bxa6 Bxa6 23. Qxb6 Rxb6 24. Bxa6 Rxa6 25. Rfd1 d4 26. Nc4 Rf5 27. Re1 Rc6 28. b3 Nd5 29. Rxe4 Re6 30. Rd1 Kg8 31. Rdxd4 Nc3 32. Rd8+ Kf7 33. Re3 Nxa2 34. Nd6+ Ke7 35. Re8+ Kxd6 36. Rd3+ 1-0

[Event "Niteroi op 4th"]
[Site "Niteroi"]
[Date "2024.08.30"]
[Round "4"]
[White "Lopes, Eduardo Moraes"]
[Black "Gomes, Carlos"]
[Result "1-0"]
[WhiteElo "1933"]
[BlackElo "1695"]
[PlyCount "41"]
[EventDate "2024.08.28"]
[EventType "swiss"]
[EventRounds "7"]
[EventCountry "BRA"]
[SourceTitle "CBM 221 Extra"]
[Source "ChessBase"]
[SourceDate "2024.09.30"]
[SourceVersion "1"]
[SourceVersionDate "2024.09.30"]
[SourceQuality "1"]

1. e4 c5 2. Nf3 d6 3. d4 cxd4 4. Nxd4 Nf6 5. Nc3 a6 6. Bg5 e5 7. Bxf6 gxf6 8. Nf5 Bxf5 9. exf5 Nd7 10. Bc4 Nb6 11. Bb3 h5 12. Nd5 Nxd5 13. Qxd5 Qc7 14. 0-0-0 Rh7 15. Rd3 Qc6 16. Rc3 Qd7 17. Qe4 Rd8 18. Bd5 Bh6+ 19. Kb1 Rg7 20. h3 Rb8 21. Rb3 1-0

[Event "Caioba op 8th"]
[Site "Caioba"]
[Date "2024.06.25"]
[Round "4"]
[White "Van Riemsdijk, Herman Claudius"]
[Black "Lopes, Eduardo Moraes"]
[Result "1/2-1/2"]
[WhiteElo "2248"]
[BlackElo "1920"]
[PlyCount "80"]
[EventDate "2024.06.23"]
[EventType "swiss"]
[EventRounds "9"]
[EventCountry "BRA"]
[SourceTitle "CBM 220 Extra"]
[Source "ChessBase"]
[SourceDate "2024.07.31"]
[SourceVersion "1"]
[SourceVersionDate "2024.07.31"]
[SourceQuality "1"]

1. e4 e6 2. d4 d5 3. Nc3 Nf6 4. Bg5 Bb4 5. e5 h6 6. Be3 Ne4 7. Qg4 g6 8. a3 Bxc3+ 9. bxc3 Nxc3 10. Bd3 Qe7 11. h4 Bd7 12. h5 g5 13. f4 gxf4 14. Bxf4 Bb5 15. Bd2 Bxd3 16. cxd3 Na4 17. Qd1 b5 18. Qc1 f6 19. Nf3 Qg7 20. Kf1 c5 21. Bf4 Nc6 22. Rh3 fxe5 23. dxe5 0-0-0 24. Rg3 Qf7 25. Rg6 Rdg8 26. Rf6 Qxh5 27. Kf2 Qg4 28. g3 Rf8 29. Rxf8+ Rxf8 30. Qe3 h5 31. Rc1 Kb7 32. Rxc5 Nxc5 33. Qxc5 Rc8 34. Qxb5+ Kc7 35. Qc5 Kb7 36. Qd6 Qf5 37. Ke3 Rd8 38. Qc5 Qf8 39. Qb5+ Kc7 40. Ng5 Qe7 1/2-1/2

[Event "Rio de Janeiro op 3rd"]
[Site "Rio de Janeiro"]
[Date "2024.04.26"]
[Round "7"]
[White "Lopes, Eduardo Moraes"]
[Black "Backes, Jorge Henrique Marx"]
[Result "1-0"]
[WhiteElo "1880"]
[BlackElo "1939"]
[PlyCount "46"]
[EventDate "2024.04.22"]
[EventType "swiss"]
[EventRounds "9"]
[EventCountry "BRA"]
[SourceTitle "CBM 219 Extra"]
[Source "ChessBase"]
[SourceDate "2024.05.31"]
[SourceVersion "1"]
[SourceVersionDate "2024.05.31"]
[SourceQuality "1"]

1. e4 c5 2. Nf3 a6 3. c3 d5 4. exd5 Qxd5 5. d4 e6 6. Be3 Nd7 7. Bd3 Ngf6 8. 0-0 b6 9. Qe2 Bb7 10. Rd1 cxd4 11. Bxd4 Qh5 12. Nbd2 Be7 13. Ne4 Nd5 14. Ng3 Qh6 15. c4 Nf4 16. Qe3 Rg8 17. Be4 Bxe4 18. Qxe4 Rd8 19. Be3 g5 20. Qc6 Qf6 21. Bxb6 e5 22. Qxf6 Bxf6 23. Bxd8 Bxd8 1-0

[Event "Rio de Janeiro Duchamp op 4th"]
[Site "Rio de Janeiro"]
[Date "2022.12.10"]
[Round "4"]
[White "Lopes, Eduardo Moraes"]
[Black "Do Nascimento, Christian Almeida"]
[Result "0-1"]
[WhiteElo "1744"]
[BlackElo "2087"]
[PlyCount "46"]
[EventDate "2022.12.07"]
[EventType "swiss"]
[EventRounds "9"]
[EventCountry "BRA"]
[SourceTitle "CBM 211 Extra"]
[Source "ChessBase"]
[SourceDate "2023.01.31"]
[SourceVersion "1"]
[SourceVersionDate "2023.01.31"]
[SourceQuality "1"]

1. e4 e6 2. d4 d5 3. e5 c5 4. c3 Nc6 5. Nf3 Qb6 6. Bd3 Bd7 7. 0-0 Nh6 8. dxc5 Bxc5 9. Bxh6 gxh6 10. Qc2 0-0-0 11. b4 Be7 12. a4 Kb8 13. a5 Qc7 14. Re1 Rc8 15. Qb2 f6 16. Bb5 Nxe5 17. Nxe5 Bxb5 18. Na3 Be8 19. Nf3 Qxc3 20. Qxc3 Rxc3 21. Rxe6 Bxb4 22. Rae1 Bd7 23. Nb1 Rcc8 0-1